00442nam a2200157 a 4500008004100000020001500041050001300056100002500069245004500094260003200139300002100171350000900192500004000201650002700241650001600268060316s1971 ||||||||||||||||| || u a0070941467 aT 50 Bas aBass, Herbert George10aIntroduction to engineering measurements aLondon :bMcGraw-Hillc1971 ax, 252 p. : ill. a0.00 aIncludes bibliographical references aPHYSICAL MEASUREMENTS  aMENSURATION